[Event "FRA-ch op"]
[Site "Nimes"]
[Date "2014.08.20"]
[Round "4"]
[White "Annosse, Aurelien"]
[Black "Lalanne, Tony"]
[Result "0-1"]
[WhiteElo "1781"]
[BlackElo "1711"]
[PlyCount "54"]
[EventDate "2014.08.17"]
[EventType "swiss"]
[EventRounds "11"]
[EventCountry "FRA"]
[SourceTitle "EXT 2015"]
[Source "ChessBase"]
[SourceDate "2014.11.20"]
[SourceVersion "1"]
[SourceVersionDate "2014.11.20"]
[SourceQuality "1"]

1. e4 c5 2. Nf3 a6 3. d4 cxd4 4. Nxd4 d6 5. Bc4 e6 6. 0-0 Nf6 7. Bg5 Be7 8. Re1 Qc7 9. Bb3 0-0 10. c4 b6 11. Nc3 Nbd7 12. Rc1 Bb7 13. Re3 Rac8 14. Rg3 Rfe8 15. Qe2 Bf8 16. Ba4 Be7 17. Bxd7 Qxd7 18. e5 dxe5 19. Qxe5 Bd6 20. Qe3 Bxg3 21. Qxg3 Qxd4 22. Rd1 Qg4 23. Qxg4 Nxg4 24. Rd4 Ne5 25. b3 f6 26. Be3 Red8 27. Rh4 Rd3 0-1

[Event "Syre Memorial op 36th"]
[Site "Issy les Moulineaux"]
[Date "2013.05.12"]
[Round "7"]
[White "Bellardi, Michel"]
[Black "Lalanne, Tony"]
[Result "1/2-1/2"]
[WhiteElo "1992"]
[BlackElo "1748"]
[PlyCount "30"]
[EventDate "2013.05.08"]
[EventType "swiss"]
[EventRounds "7"]
[EventCountry "FRA"]
[SourceTitle "EXT 2015"]
[Source "ChessBase"]
[SourceDate "2014.11.20"]
[SourceVersion "1"]
[SourceVersionDate "2014.11.20"]
[SourceQuality "1"]

1. e4 c5 2. Nf3 d6 3. d4 cxd4 4. Nxd4 Nf6 5. Nc3 a6 6. f4 Nbd7 7. Qf3 e6 8. Bc4 Qc7 9. Bb3 b5 10. Be3 Bb7 11. f5 b4 12. fxe6 Ne5 13. exf7+ Ke7 14. Nf5+ Kd8 15. Qh3 bxc3 1/2-1/2